Estadística psico-educativa / Jesús de la Rosa (Registro nro. 1660)

Detalles MARC
000 -LEADER
fixed length control field 00438nam a22001811a 4500
001 - CONTROL NUMBER
control field 1660
003 - CONTROL NUMBER IDENTIFIER
control field OSt
005 - DATE AND TIME OF LATEST TRANSACTION
control field 20260204211742.0
008 - FIXED-LENGTH DATA ELEMENTS--GENERAL INFORMATION
fixed length control field 040120s1982||||dr ||||||b||||||||||spa||
050 ## - LIBRARY OF CONGRESS CALL NUMBER
Classification number RD 310 R71e
082 ## - DEWEY DECIMAL CLASSIFICATION NUMBER
Classification number 310 R71e
100 ## - ASIENTO PRINCIPAL -- NOMBRE PERSONAL
Personal name De la Rosa, Jesús
245 ## - TÍTULO PROPIAMENTE DICHO: SUBTÍTULO
Title Estadística psico-educativa / Jesús de la Rosa
264 ## - PRODUCTION, PUBLICATION, DISTRIBUTION, MANUFACTURE, AND COPYRIGHT NOTICE
Place of production, publication, distribution, manufacture Santo Domingo : UASD
300 ## - PHYSICAL DESCRIPTION
Extensión 486 p.
650 ## - ASIENTO SECUNDARIO DE MATERIA -- TERMINO TEMÁTICO
Termino Temático Como Elemento de Entrada 1.EstadísticaÌ
942 ## - ADDED ENTRY ELEMENTS (KOHA)
Source of classification or shelving scheme Dewey Decimal Classification
Koha item type Libros
Existencias
Withdrawn status Lost status Source of classification or shelving scheme Damaged status Not for loan Current library Date acquired Full call number Barcode Date last seen Price effective from Koha item type
    Dewey Decimal Classification Dañado   Biblioteca UTECO 09/09/2019 RD 310 R71E 003379 09/09/2019 09/09/2019 Libros
    Dewey Decimal Classification Dañado   Biblioteca UTECO 09/09/2019 RD 310 R71E 003380 09/09/2019 09/09/2019 Libros
© 2021 Derechos Reservados UTECO - Teléfono: +1 809-585-2291 - Correo electrónico: biblioteca@uteco.edu.do​  
Código postal 43000 ​​
Dirección: Avenida Universitaria No. 100, 
Cotuí, Provincia Sánchez Ramírez, República Dominicana - RNC: 404-00059-6